| 000 | 004620000a22001570004500 | ||
|---|---|---|---|
| 090 |
_aAR _b00834 |
||
| 245 | 1 | 0 | _aEcological characterization of a Costa Rican dry forest caterpillar fauna |
| 650 | 1 | 4 |
_aBosques secos tropicales _992782 |
| 650 | 1 | 4 |
_aOrugas _948466 |
| 650 | 1 | 4 |
_aEcología animal _993102 |
| 651 | 4 |
_pCosta Rica _992749 |
|
| 041 | 0 | _aInglés | |
| 100 | 1 |
_aJanzen, Daniel H. _93808 |
|
| 942 | _cARTICULO | ||
| 773 | 1 |
_tBiotropica _39 _h2 _q120-135 _d1988 _g20 |
|
| 999 |
_c9923 _d9923 |
||